000 00437nam a22001577a 4500
005 20251108164225.0
008 250721s1999 xx 000 0 ara d
082 1 4 _a306,3/دقس
100 1 _aالدقس، محمد عبد المولى
245 1 0 _aعلم الإجتماع الصناعي /
264 1 _aعمان :
_c1999.
300 _a263ص
650 1 7 _aعلم الإجتماع الصناعي
942 _2ddc
_cBK
999 _c6776
_d6776